000 00503nam a22001817a 4500
005 20240823122242.0
008 240823b |||||||| |||| 00| 0 eng d
020 _a978-07-015150-5
082 _a621.82
_bHSU-A
100 _aHSU, HWEI. P
245 _aAnalog and Digital Communications /
_cby HSU, HWEI. P
250 _a3rd ed.
260 _aIndia :
_bTata Mc Graw Hill ;
_c2003
300 _aviii, 1.2 p. :
_c24.5 cm
500 _aInclude Index.
650 _aEngineering / Analogs
999 _c36455
_d36455